Clinical teaching strategies in nursing / (Record no. 859)

000 -LEADER
fixed length control field 02610nam a22005897a 4500
001 - CONTROL NUMBER
control field 10362920
003 - CONTROL NUMBER IDENTIFIER
control field LIBRIS
005 - DATE AND TIME OF LATEST TRANSACTION
control field 20210426094106.0
008 - FIXED-LENGTH DATA ELEMENTS--GENERAL INFORMATION
fixed length control field 070302s2007 xxua b 001 0 eng c
020 ## - INTERNATIONAL STANDARD BOOK NUMBER
International Standard Book Number 9780826102485
020 ## - INTERNATIONAL STANDARD BOOK NUMBER
International Standard Book Number 0826102484
035 ## - SYSTEM CONTROL NUMBER
System control number 1286483
040 ## - CATALOGING SOURCE
Original cataloging agency DNLM
Transcribing agency DNLM
Modifying agency Ch
Language of cataloging eng
041 ## - LANGUAGE CODE
Language code of text/sound track or separate title eng
060 10 - NATIONAL LIBRARY OF MEDICINE CALL NUMBER
Classification number WY 18
Item number G112c 2007
080 ## - UNIVERSAL DECIMAL CLASSIFICATION NUMBER
Universal Decimal Classification number 616-08
Item number G-11
082 ## - DEWEY DECIMAL CLASSIFICATION NUMBER
Classification number 610.73072
Edition number 22
084 ## - OTHER CLASSIFICATION NUMBER
Classification number Eabv
Number source kssb/8
084 ## - OTHER CLASSIFICATION NUMBER
Classification number Ep.06v
Number source kssb/8
100 1# - MAIN ENTRY--PERSONAL NAME
Personal name Gaberson, Kathleen B.
245 10 - TITLE STATEMENT
Title Clinical teaching strategies in nursing /
Statement of responsibility, etc. Kathleen B. Gaberson, Marilyn H. Oermann.
Remainder of title / by: Springer Publishing Company
250 ## - EDITION STATEMENT
Edition statement 2nd edition
260 ## - PUBLICATION, DISTRIBUTION, ETC.
Place of publication, distribution, etc. New York :
Name of publisher, distributor, etc. Springer Publishing Company
Date of publication, distribution, etc. 2007
300 ## - PHYSICAL DESCRIPTION
Extent xiii, 298 p. :
490 1# - SERIES STATEMENT
Series statement Springer series on the teaching of nursing
504 ## - BIBLIOGRAPHY, ETC. NOTE
Bibliography, etc. note Includes bibliographical references and index
505 1# - FORMATTED CONTENTS NOTE
Formatted contents note A Philosophy of Clinical Teaching -- Outcomes of Clinical Teaching -- Preparing for Clinical Learning Activities -- Clinical Teaching: Teacher, Student, and Models to Guide Teaching -- Process of Clinical Teaching -- Ethical and Legal Issues in Clinical Teaching -- Choosing Clinical Learning Assignments -- Self-Directed Learning Activities -- Clinical Simultation -- Quality Clinical Education for Nursing Students at a Distance -- Case Method, Case Study, and Grand Rounds -- Discussion and Clinical Conferences -- Written Assignments -- Using Preceptors in Clinical Teaching -- Clinical Teaching and Diverse Settings -- Clinical Evaluation and Grading
650 #2 - SUBJECT ADDED ENTRY--TOPICAL TERM
Topical term or geographic name entry element Education, Nursing
650 #0 - SUBJECT ADDED ENTRY--TOPICAL TERM
Topical term or geographic name entry element Patient Care
9 (RLIN) 285
650 #2 - SUBJECT ADDED ENTRY--TOPICAL TERM
Topical term or geographic name entry element Teaching
General subdivision methods
650 #7 - SUBJECT ADDED ENTRY--TOPICAL TERM
Topical term or geographic name entry element Sjuksk�terskeutbildning
Source of heading or term sao
Authority record control number or standard number 165333
650 #0 - SUBJECT ADDED ENTRY--TOPICAL TERM
Topical term or geographic name entry element Nursing � Study and teaching
650 #4 - SUBJECT ADDED ENTRY--TOPICAL TERM
Topical term or geographic name entry element Undervisning
General subdivision metoder
650 #4 - SUBJECT ADDED ENTRY--TOPICAL TERM
Topical term or geographic name entry element Utbildning
653 ## - INDEX TERM--UNCONTROLLED
Uncontrolled term პაციენტის მოვლა
653 ## - INDEX TERM--UNCONTROLLED
Uncontrolled term ექთნების განათლება
700 1# - ADDED ENTRY--PERSONAL NAME
Personal name Oermann, Marilyn H.
942 ## - ADDED ENTRY ELEMENTS (KOHA)
Source of classification or shelving scheme
Koha item type Books
Edition 2
Holdings
Withdrawn status Lost status Source of classification or shelving scheme Damaged status Not for loan Permanent location Current location Date acquired Inventory number Total Checkouts Full call number Barcode Date last seen Price effective from Koha item type
          Ken Walker International University Ken Walker International University 12/29/2020 2374   616-08 G-11 2374 12/29/2020 12/29/2020 Books

Powered by Koha